|
|
|
|
| LEADER |
01036nam a2200265 a 4500 |
| 001 |
1163426 |
| 008 |
100208s1996 dcu b 000 0 eng d |
| 010 |
|
|
|a 96032185
|
| 020 |
|
|
|a 0821337068 (pbk.)
|
| 040 |
|
|
|a DLC
|c DLC
|d DLC
|d DB-DhAAL
|
| 082 |
0 |
0 |
|a 332.7/1/095492
|2 20
|
| 100 |
1 |
|
|a Khandker, Shahidur R.
|
| 245 |
1 |
0 |
|a Targeted credit programs and rural poverty in Bangladesh /
|c Shahidur R. Khandker, Osman H. Chowdhury.
|
| 260 |
|
|
|a Washington, D.C. :
|b World Bank,
|c 1996.
|
| 300 |
|
|
|a vii, 52 p. ;
|c 28 cm.
|
| 490 |
1 |
|
|a World Bank discussion paper ;
|v 336
|
| 504 |
|
|
|a Includes bibliographical references.
|
| 541 |
1 |
|
|e 00007170
|
| 650 |
|
0 |
|a Rural credit
|z Bangladesh.
|
| 650 |
|
0 |
|a Rural development
|z Bangladesh.
|
| 700 |
1 |
|
|a Chowdhury, Osman H.
|
| 830 |
|
0 |
|a World Bank discussion papers ;
|v 336
|
| 852 |
4 |
|
|a Ayesha Abed Library
|j General Shelf.
|
| 999 |
|
|
|c 7388
|d 7388
|
| 952 |
|
|
|0 0
|1 0
|2 ddc
|4 0
|6 332_710954920000000_KHA_1996
|7 0
|9 7898
|a BRACUL
|b BRACUL
|c GEN
|d 2010-02-09
|l 0
|o 332.71095492 KHA
|p 3010007170
|r 2010-02-09
|t 1
|w 2010-02-09
|y BK
|